[Event "4NCL/Div2c/KHE vs. WWKS1"]
[Site "Sunningdale ENG"]
[Date "2010.05.02"]
[Round "10.8"]
[White "Webster, Paul"]
[Black "Haria, Ravi"]
[Result "1/2-1/2"]
[WhiteElo "2106"]
[BlackElo "1863"]
[PlyCount "79"]
[EventDate "2010.05.02"]
[SourceDate "2009.10.24"]

1. d4 Nf6 2. Nf3 g6 3. Bf4 Bg7 4. e3 O-O 5. Bd3 d6 6. h3 c5 7. O-O Qb6 8. Qc1
Nd5 9. Bg5 cxd4 10. exd4 Nc6 11. c3 Be6 12. Na3 Rac8 13. Qd2 f6 14. Bh4 Bf7 15.
Rfe1 e5 16. dxe5 dxe5 17. Bc4 Rfd8 18. Rad1 Na5 19. Nxe5 fxe5 20. Bxd8 Rxd8 21.
Qg5 Bf6 22. Qc1 Nxc4 23. Nxc4 Qc7 24. Ne3 Nf4 25. Ng4 Bg7 26. Rxd8+ Qxd8 27.
Qe3 Qd5 28. f3 h5 29. Nf2 Qxa2 30. g3 Ne6 31. b4 b6 32. Ne4 Qd5 33. Qe2 h4 34.
Rd1 Qb3 35. gxh4 Nf4 36. Rd8+ Bf8 37. Qd2 Qb1+ 38. Qd1 Qa2 39. Qd2 Qb1+ 40. Qd1
1/2-1/2

[Event "4NCL/Div2c/CHED vs. SAMS"]
[Site "Sunningdale ENG"]
[Date "2010.05.03"]
[Round "11.3"]
[White "Hawkins, Jonathan"]
[Black "Tweedie, Steven"]
[Result "1-0"]
[WhiteElo "2410"]
[BlackElo "2265"]
[PlyCount "61"]
[EventDate "2010.05.03"]
[SourceDate "2009.10.24"]

1. d4 d5 2. c4 e6 3. Nc3 c6 4. e4 dxe4 5. Nxe4 e5 6. dxe5 Qa5+ 7. Bd2 Qxe5 8.
Bd3 Nd7 9. Nf3 Qc7 10. O-O Nc5 11. Re1 Be6 12. Bc3 Nxe4 13. Bxe4 Ne7 14. Qa4
Bd7 15. Rad1 f6 16. c5 Qc8 17. Bc2 b6 18. Bb3 Qb7 19. Nd4 O-O-O 20. Ne6 Re8 21.
Rxd7 Kxd7 22. Rd1+ Kc8 23. Nxf8 Rhxf8 24. Be6+ Kb8 25. Rd7 Ng6 26. Rxb7+ Kxb7
27. Bd7 b5 28. Qd4 Re7 29. Qd6 Rd8 30. Qxc6+ Kb8 31. Qxb5+ 1-0

[Event "4NCL/Div2c/CHED vs. SAMS"]
[Site "Sunningdale ENG"]
[Date "2010.05.03"]
[Round "11.4"]
[White "Rudolf, Anna"]
[Black "Bellin, Robert"]
[Result "1/2-1/2"]
[WhiteElo "2293"]
[BlackElo "2373"]
[PlyCount "111"]
[EventDate "2010.05.03"]
[SourceDate "2009.10.24"]

1. e4 c5 2. Nf3 d6 3. d4 cxd4 4. Nxd4 Nf6 5. Nc3 Nc6 6. Bc4 Qb6 7. Nb3 e6 8.
Bf4 Ne5 9. Be2 a6 10. O-O Be7 11. a4 O-O 12. a5 Qc7 13. Bg3 b5 14. axb6 Qxb6
15. Qd4 Qxd4 16. Nxd4 Bb7 17. Ra4 Ned7 18. Nb3 Bc6 19. Rc4 Bb5 20. Nxb5 axb5
21. Rd4 e5 22. Rb4 Ra4 23. Rxb5 Rxe4 24. Bd3 Ra4 25. Na5 Rc8 26. c4 Bd8 27. Nb7
Bc7 28. Rc1 Ra7 29. c5 dxc5 30. b4 Rb8 31. Nxc5 Rxb5 32. Bxb5 Nxc5 33. bxc5 Ne4
34. Bd3 Nxg3 35. hxg3 Kf8 36. Rd1 Ra5 37. Rc1 h5 38. Kf1 Ke7 39. Ke2 g6 40. Be4
Ra4 41. Bd5 f5 42. f3 g5 43. Rh1 Ra5 44. Rxh5 Rxc5 45. Bb3 Rc3 46. Ba4 Rc4 47.
Rh7+ Kf6 48. Rf7+ Kxf7 49. Bb3 Kf6 50. Bxc4 e4 51. g4 exf3+ 52. gxf3 Ke5 53.
gxf5 Kxf5 54. Bd5 g4 55. Be6+ Kxe6 56. fxg4 1/2-1/2

[Event "4NCL/Div2c/CHED vs. SAMS"]
[Site "Sunningdale ENG"]
[Date "2010.05.03"]
[Round "11.5"]
[White "Wallace, Paul A"]
[Black "Krensing, Jan"]
[Result "1/2-1/2"]
[WhiteElo "2234"]
[BlackElo "2291"]
[PlyCount "84"]
[EventDate "2010.05.03"]
[SourceDate "2009.10.24"]

1. e4 e6 2. d4 d5 3. Nd2 Be7 4. Bd3 c5 5. dxc5 Nf6 6. Qe2 a5 7. Ngf3 Na6 8. O-O
O-O 9. e5 Nd7 10. Nd4 Ndxc5 11. Bb5 Nc7 12. N2f3 Nxb5 13. Nxb5 f6 14. Be3 Bd7
15. a4 Bxb5 16. axb5 fxe5 17. Nxe5 Nd7 18. Bd4 Bf6 19. Rfe1 Nxe5 20. Bxe5 Qb6
21. Bxf6 Rxf6 22. Rf1 Rc8 23. b3 Qc7 24. Qe3 b6 25. c4 dxc4 26. bxc4 Qc5 27.
Rad1 Qxe3 28. fxe3 a4 29. Rxf6 gxf6 30. Rc1 a3 31. Kf2 a2 32. Ra1 Rxc4 33. Rxa2
Rb4 34. Ra7 Rxb5 35. Re7 Re5 36. Rb7 Rb5 37. Re7 e5 38. Kf3 Rb4 39. g4 Rb2 40.
h4 Rb4 41. h5 h6 42. Rb7 b5 1/2-1/2

[Event "4NCL/Div2c/CHED vs. SAMS"]
[Site "Sunningdale ENG"]
[Date "2010.05.03"]
[Round "11.6"]
[White "Williams, Samuel G"]
[Black "McKenna, Jason P"]
[Result "1/2-1/2"]
[WhiteElo "2198"]
[BlackElo "2114"]
[PlyCount "124"]
[EventDate "2010.05.03"]
[SourceDate "2009.10.24"]

1. d4 g6 2. Nf3 Bg7 3. c4 Nf6 4. Nc3 d6 5. e4 O-O 6. Be2 e5 7. O-O Nc6 8. d5
Ne7 9. b4 Nh5 10. Re1 f5 11. Ng5 Nf6 12. Bf3 c6 13. Bb2 h6 14. Ne6 Bxe6 15.
dxe6 fxe4 16. Nxe4 Nxe4 17. Rxe4 Nf5 18. Rg4 Qf6 19. b5 Rac8 20. bxc6 bxc6 21.
Qe2 Qxe6 22. Rd1 Kh7 23. Qd3 h5 24. Re4 Rfd8 25. Re2 Rb8 26. Bxc6 Rxb2 27. Rxb2
e4 28. Qd2 e3 29. fxe3 Qxe3+ 30. Qxe3 Nxe3 31. Rdb1 Bxb2 32. Rxb2 Nxc4 33. Rb7+
Kh6 34. Rxa7 d5 35. Rd7 Rc8 36. Bb7 Re8 37. Bxd5 Nb6 38. Bf7 Re2 39. Rd6 Na4
40. Rxg6+ Kh7 41. Ra6 Nc3 42. Bxh5 Rxa2 43. Rxa2 Nxa2 44. Kf2 Nb4 45. Bf3 Kh6
46. h4 Nd3+ 47. Ke3 Ne5 48. Ke4 Ng6 49. h5 Nf8 50. Kf5 Nh7 51. Be2 Ng5 52. Kg4
Nh7 53. Kh4 Nf6 54. Bf3 Nh7 55. Be4 Ng5 56. Bg6 Ne6 57. Kg4 Ng5 58. Kf5 Nh3 59.
Be8 Ng5 60. Kg4 Nh7 61. Kh4 Ng5 62. Bd7 Nh7 1/2-1/2

[Event "4NCL/Div2c/CHED vs. SAMS"]
[Site "Sunningdale ENG"]
[Date "2010.05.03"]
[Round "11.7"]
[White "Jackson, Sheila"]
[Black "Roberson, Peter T"]
[Result "0-1"]
[WhiteElo "2160"]
[BlackElo "2256"]
[PlyCount "82"]
[EventDate "2010.05.03"]
[SourceDate "2009.10.24"]

1. e4 e6 2. d4 d5 3. Nd2 Be7 4. Bd3 c5 5. dxc5 Nf6 6. exd5 Qxd5 7. Ngf3 Nbd7 8.
O-O Nxc5 9. Bb5+ Bd7 10. Bxd7+ Ncxd7 11. Nb3 Rc8 12. c3 Nc5 13. Be3 Nxb3 14.
Qxb3 Qxb3 15. axb3 a6 16. Rfd1 Nd5 17. Bd4 f6 18. b4 Kf7 19. Ne1 Rhd8 20. Nd3
Rc7 21. f3 e5 22. Bc5 Rcd7 23. Bxe7 Nxe7 24. Nf2 Rd2 25. g4 Ng6 26. Rxd2 Rxd2
27. Ne4 Rxb2 28. Nd6+ Ke7 29. Nxb7 Nh4 30. Rf1 Rc2 31. Nc5 Rxc3 32. f4 a5 33.
fxe5 Nf3+ 34. Rxf3 Rxf3 35. exf6+ Kxf6 36. bxa5 Ra3 37. a6 Kg5 38. Ne6+ Kxg4
39. Nxg7 Kf3 40. h4 Kg3 41. Nf5+ Kg4 0-1

[Event "4NCL/Div2c/CHED vs. SAMS"]
[Site "Sunningdale ENG"]
[Date "2010.05.03"]
[Round "11.8"]
[White "Ruston, Mark R"]
[Black "Bennett, Patrick J"]
[Result "1-0"]
[WhiteElo "2099"]
[BlackElo "2093"]
[PlyCount "87"]
[EventDate "2010.05.03"]
[SourceDate "2009.10.24"]

1. e4 g6 2. Nc3 Bg7 3. d4 d6 4. Be3 a6 5. a4 b6 6. Nf3 e6 7. Bd3 Nd7 8. Qd2 h6
9. Rd1 Bb7 10. b4 Ne7 11. b5 a5 12. O-O Rc8 13. Ne1 Kf8 14. Ne2 Nf6 15. f3 d5
16. e5 Nd7 17. Nf4 c5 18. bxc6 Bxc6 19. Ra1 Kg8 20. c3 Nf8 21. g4 Qd7 22. Qc2
Qc7 23. Qb3 Be8 24. Rc1 Qd8 25. Rf2 h5 26. Neg2 h4 27. Nh3 Bh6 28. f4 Nd7 29.
f5 gxf5 30. gxf5 Nf8 31. fxe6 Nxe6 32. Qd1 Bxe3 33. Nxe3 Kf8 34. Kh1 Qd7 35.
Bb5 Qc7 36. Qg4 Rh6 37. Ng5 Nxg5 38. Qxg5 Rg6 39. Qxh4 Bxb5 40. axb5 Qd7 41.
Rcf1 Ng8 42. Rxf7+ Qxf7 43. Rxf7+ Kxf7 44. Qh7+ 1-0

[Event "4NCL/Div2c/E2E41 vs. BARY"]
[Site "Sunningdale ENG"]
[Date "2010.05.03"]
[Round "11.1"]
[White "Tazbir, Marcin"]
[Black "Berry, Neil"]
[Result "1/2-1/2"]
[WhiteElo "2504"]
[BlackElo "2320"]
[PlyCount "122"]
[EventDate "2010.05.03"]
[SourceDate "2009.10.24"]

1. e4 d6 2. d4 Nf6 3. Nc3 e5 4. Nf3 Nbd7 5. Bc4 Be7 6. O-O O-O 7. Re1 a6 8. a4
b6 9. b3 Bb7 10. Bb2 c6 11. d5 Nc5 12. b4 cxd5 13. exd5 Ncd7 14. a5 bxa5 15.
Rxa5 Qc8 16. Qd3 Bd8 17. Raa1 Bb6 18. Rf1 Ne8 19. Ng5 Ndf6 20. Bb3 Qg4 21. Nge4
Nh5 22. Nd2 Bd4 23. h3 Qc8 24. Na4 Nf4 25. Qf3 Bxb2 26. Nxb2 Qc3 27. Qxc3 Ne2+
28. Kh2 Nxc3 29. Ra5 Nf6 30. Nbc4 Rab8 31. Nb6 Rfd8 32. Re1 Bc8 33. Nxc8 Rbxc8
34. Kg1 Rb8 35. Re3 Nb5 36. c3 Nc7 37. Bc4 Rb6 38. Kf1 Kf8 39. Ke1 h6 40. Kd1
g6 41. Kc2 Nh5 42. g3 f5 43. Re1 Nf6 44. Rd1 Ke7 45. f3 g5 46. g4 Rf8 47. gxf5
Nh5 48. Bd3 Nf4 49. Be4 Rb5 50. Nc4 Rxa5 51. bxa5 Nb5 52. Rd2 Rc8 53. Kb3 Rc5
54. Kb4 Rc7 55. Rh2 h5 56. h4 gxh4 57. Rxh4 Kf6 58. Rh1 Kf7 59. Rh2 Kf6 60. Rh1
Kf7 61. Rh2 Kf6 1/2-1/2

[Event "4NCL/Div2c/E2E41 vs. BARY"]
[Site "Sunningdale ENG"]
[Date "2010.05.03"]
[Round "11.2"]
[White "Chapman, Terry PD"]
[Black "Madan, Augustin"]
[Result "1-0"]
[WhiteElo "2231"]
[BlackElo "2362"]
[PlyCount "99"]
[EventDate "2010.05.03"]
[SourceDate "2009.10.24"]

1. Nf3 Nf6 2. g3 c5 3. Bg2 Nc6 4. O-O g6 5. c4 Bg7 6. d4 cxd4 7. Nxd4 O-O 8.
Nc3 Nxd4 9. Qxd4 d6 10. Qd3 a6 11. Bd2 Rb8 12. Rac1 Bd7 13. c5 Bc6 14. cxd6
Bxg2 15. Kxg2 Qxd6 16. Qxd6 exd6 17. Rfd1 d5 18. Be3 Rfe8 19. b3 Rbd8 20. Bd4
Nh5 21. e3 Bxd4 22. Rxd4 Nf6 23. Rcd1 Rc8 24. Nxd5 Nxd5 25. Rxd5 Re7 26. Rd8+
Rxd8 27. Rxd8+ Kg7 28. Rd6 h5 29. h4 Re8 30. Rb6 Re7 31. Kf3 Rd7 32. a4 f6 33.
Kf4 Re7 34. a5 Kf7 35. e4 Rc7 36. b4 Rd7 37. e5 Rd4+ 38. Ke3 fxe5 39. Rxb7+ Kf6
40. f4 Rc4 41. Kd3 Rd4+ 42. Kc3 Re4 43. Rb6+ Kf5 44. fxe5 g5 45. Rxa6 gxh4 46.
gxh4 Rxh4 47. Rh6 Rh1 48. a6 Kg5 49. Rh8 Ra1 50. b5 1-0

[Event "4NCL/Div2c/E2E41 vs. BARY"]
[Site "Sunningdale ENG"]
[Date "2010.05.03"]
[Round "11.3"]
[White "Mures, Cristian"]
[Black "Hodgson, John H"]
[Result "1/2-1/2"]
[WhiteElo "2238"]
[BlackElo "2181"]
[PlyCount "131"]
[EventDate "2010.05.03"]
[SourceDate "2009.10.24"]

1. c4 Nf6 2. Nc3 d5 3. cxd5 Nxd5 4. Nf3 g6 5. g3 Bg7 6. Bg2 Nc6 7. O-O O-O 8.
d4 Nb6 9. d5 Na5 10. e4 c6 11. Nd4 e6 12. Nb3 Nxb3 13. Qxb3 cxd5 14. exd5 exd5
15. Nxd5 Be6 16. Rd1 Nxd5 17. Bxd5 Qb6 18. Bxe6 fxe6 19. Qxb6 axb6 20. Be3 Rfd8
21. Bxb6 Rxd1+ 22. Rxd1 Bxb2 23. Rd7 Rxa2 24. Rxb7 Bf6 25. Be3 Rb2 26. Rd7 h5
27. Kg2 Rb8 28. Bc5 Rc8 29. Be7 Kf7 30. Bb4+ Ke8 31. Rb7 Rd8 32. Kf3 Rd7 33.
Rb8+ Kf7 34. Bc5 Rc7 35. Be3 Rd7 36. h3 Rc7 37. g4 hxg4+ 38. hxg4 Rd7 39. Ke4
Rc7 40. f3 Rc4+ 41. Kd3 Rc3+ 42. Kd2 Rc7 43. Ra8 Rd7+ 44. Ke2 Rc7 45. Ra4 Rd7
46. Ra5 Rb7 47. Bg5 Rb2+ 48. Ke3 Rb3+ 49. Kf2 Bxg5 50. Rxg5 Kf6 51. Ra5 g5 52.
Ra8 Rc3 53. Rf8+ Kg7 54. Rd8 Kf6 55. Ke2 Ke5 56. Rf8 Ra3 57. Kf2 Rb3 58. Ra8
Rc3 59. Ra5+ Kf6 60. Ra2 Rb3 61. Re2 Ra3 62. Rd2 Rb3 63. Ke2 Ke5 64. Rd8 Rb2+
65. Ke3 Rb3+ 66. Kf2 1/2-1/2

[Event "4NCL/Div2c/E2E41 vs. BARY"]
[Site "Sunningdale ENG"]
[Date "2010.05.03"]
[Round "11.4"]
[White "Coleman, David J"]
[Black "Eden, Tomer"]
[Result "1-0"]
[WhiteElo "2239"]
[BlackElo "2197"]
[PlyCount "71"]
[EventDate "2010.05.03"]
[SourceDate "2009.10.24"]

1. e4 c6 2. d4 d5 3. exd5 cxd5 4. c4 Nf6 5. Nc3 Nc6 6. Bg5 dxc4 7. Bxc4 Qxd4 8.
Qxd4 Nxd4 9. O-O-O e5 10. f4 Bg4 11. Nf3 Bxf3 12. gxf3 Rc8 13. fxe5 Rxc4 14.
exf6 Ne6 15. Rhe1 g6 16. Kb1 h6 17. Be3 Bb4 18. Bxa7 Bxc3 19. bxc3 Rxc3 20. Bd4
Rc6 21. Be3 h5 22. f4 h4 23. f5 gxf5 24. Rd5 Rg8 25. Rxf5 Rg2 26. Rd1 Re2 27.
Bc1 Rc5 28. Rff1 h3 29. Rf3 Rxh2 30. Rg3 Rg2 31. Rxh3 Rg8 32. Ra3 Rc8 33. Re3
Rd8 34. Rf1 Rd5 35. Rxe6+ fxe6 36. f7+ 1-0

[Event "4NCL/Div2c/E2E41 vs. BARY"]
[Site "Sunningdale ENG"]
[Date "2010.05.03"]
[Round "11.5"]
[White "Sugden, John N"]
[Black "Manley, Jon P"]
[Result "1-0"]
[WhiteElo "2212"]
[BlackElo "2146"]
[PlyCount "55"]
[EventDate "2010.05.03"]
[SourceDate "2009.10.24"]

1. d4 Nf6 2. c4 g6 3. Nc3 Bg7 4. e4 d6 5. Nf3 O-O 6. Be2 Na6 7. O-O e5 8. d5
Nc5 9. Qc2 a5 10. Ne1 Nfd7 11. Be3 f5 12. exf5 gxf5 13. f4 e4 14. Qd2 Nf6 15.
Bd4 Qe7 16. Nc2 Bd7 17. Ne3 Qf7 18. Nb5 Bc8 19. Bc3 b6 20. b3 h5 21. Rad1 Kh7
22. h3 Rg8 23. Qe1 Rh8 24. Qh4 Kg8 25. Nxc7 Ng4 26. Bxg7 Qxg7 27. hxg4 hxg4 28.
Qg5 1-0

[Event "4NCL/Div2c/E2E41 vs. BARY"]
[Site "Sunningdale ENG"]
[Date "2010.05.03"]
[Round "11.6"]
[White "O'Toole, George E"]
[Black "Bonafont, Philip R"]
[Result "1/2-1/2"]
[WhiteElo "2150"]
[BlackElo "2115"]
[PlyCount "133"]
[EventDate "2010.05.03"]
[SourceDate "2009.10.24"]

1. e4 c5 2. c3 Nf6 3. e5 Nd5 4. d4 cxd4 5. Nf3 Nc6 6. cxd4 d6 7. Bc4 Nb6 8. Bb3
dxe5 9. d5 Na5 10. Nc3 Bg4 11. Be3 f6 12. O-O g6 13. Rc1 Rc8 14. Bxb6 axb6 15.
Ba4+ Bd7 16. Nb5 Bh6 17. Rxc8 Qxc8 18. d6 e6 19. Nc7+ Kf7 20. Re1 Bxa4 21. Qxa4
Rd8 22. Qh4 Bg7 23. Nb5 Kg8 24. Nd2 Qd7 25. a4 Nc6 26. Nc4 Nd4 27. Nxd4 exd4
28. Qxd4 Qxa4 29. Qxb6 Qd7 30. b3 Ra8 31. Rd1 f5 32. g3 Rc8 33. Qe3 Rd8 34. f4
Kf7 35. Ne5+ Bxe5 36. fxe5 Qb5 37. Rc1 Rd7 38. Rc5 Qb6 39. Kg2 Qa6 40. Rc2 Qb5
41. Qh6 Ke8 42. Qe3 b6 43. h4 Ra7 44. Qc3 Qd7 45. Kf3 h6 46. Qe3 Qb7+ 47. Kf2
Qh1 48. Rc8+ Kd7 49. Rd8+ Kxd8 50. Qxb6+ Kc8 51. Qxa7 Qh2+ 52. Kf1 Qh1+ 53. Ke2
Qg2+ 54. Qf2 Qe4+ 55. Qe3 Qg2+ 56. Kd1 Qd5+ 57. Kc2 Qg2+ 58. Kb1 Qb7 59. Qc3+
Kd7 60. Qc4 g5 61. Kb2 Qg2+ 62. Ka3 Qa8+ 63. Kb4 Qb7+ 64. Kc3 Qf3+ 65. Qd3 Qc6+
66. Kd2 Qg2+ 67. Kc3 1/2-1/2

[Event "4NCL/Div2c/E2E41 vs. BARY"]
[Site "Sunningdale ENG"]
[Date "2010.05.03"]
[Round "11.7"]
[White "Jackson, James P"]
[Black "Stewart, Ashley"]
[Result "1-0"]
[WhiteElo "2102"]
[BlackElo "2026"]
[PlyCount "99"]
[EventDate "2010.05.03"]
[SourceDate "2009.10.24"]

1. e4 c5 2. Nf3 e6 3. d4 cxd4 4. Nxd4 a6 5. Bd3 Bc5 6. Nb3 Be7 7. Nc3 d6 8. f4
Nf6 9. Qf3 Nbd7 10. Be3 Qc7 11. g4 g6 12. g5 Nh5 13. O-O b6 14. Be2 Bb7 15. Qh3
Ng7 16. Rad1 O-O-O 17. Bf3 h6 18. gxh6 Nh5 19. f5 e5 20. fxg6 fxg6 21. Bxh5
gxh5 22. Nd5 Bxd5 23. exd5 Rdg8+ 24. Kh1 Qc4 25. Qf5 Qe2 26. Qf3 Qxf3+ 27. Rxf3
Bg5 28. Rg1 Bxe3 29. Rxg8+ Rxg8 30. Rxe3 Rh8 31. Nd2 Nf6 32. c4 Rxh6 33. Rg3
Rh7 34. Rg6 Rf7 35. h3 Kc7 36. Kg2 b5 37. b3 Kb6 38. Kg3 bxc4 39. bxc4 e4 40.
c5+ Kc7 41. cxd6+ Kd7 42. Nc4 Rf8 43. Rg7+ Ke8 44. Re7+ Kd8 45. Ne5 Nxd5 46.
Nc6+ Kc8 47. d7+ Kb7 48. d8=Q+ Nxe7 49. Na5+ Ka7 50. Qc7+ 1-0

[Event "4NCL/Div2c/E2E41 vs. BARY"]
[Site "Sunningdale ENG"]
[Date "2010.05.03"]
[Round "11.8"]
[White "Sanders, Isaac B"]
[Black "Norinkeviciute, Rasa"]
[Result "1-0"]
[WhiteElo "1922"]
[BlackElo "2025"]
[PlyCount "113"]
[EventDate "2010.05.03"]
[SourceDate "2009.10.24"]

1. e4 g6 2. Nc3 Bg7 3. Bc4 e6 4. d4 d6 5. f4 Ne7 6. Bd3 Nd7 7. Nce2 f5 8. e5
dxe5 9. fxe5 c5 10. c3 cxd4 11. cxd4 O-O 12. Nf3 Qb6 13. Nf4 Rd8 14. Qe2 Nf8
15. Be3 Qb4+ 16. Kf2 Bd7 17. a3 Qa5 18. b4 Qc7 19. Rac1 Qb8 20. Bc4 h6 21. Qa2
Kf7 22. h4 b5 23. Bb3 a5 24. bxa5 Rxa5 25. Bd2 Ra6 26. Bb4 Rc8 27. Rxc8 Qxc8
28. Bc5 Qc6 29. Re1 Ke8 30. Bd6 Qc8 31. Bc5 Qc6 32. Bd6 Qc8 33. Nd3 Qc3 34. Nc5
Ra8 35. Re2 g5 36. Rc2 Qa5 37. Nxd7 Nxd7 38. Bxe6 Nf8 39. Bf7+ Kd7 40. Rc7+
Qxc7 41. Bxc7 Kxc7 42. hxg5 Ra6 43. gxh6 Bxh6 44. d5 Nc8 45. Qb2 Nd7 46. Be6
Nc5 47. Qc2 Kb6 48. Qxf5 Ne7 49. Qh7 Bc1 50. Qxe7 Bxa3 51. Qd8+ Ka7 52. Qc7+
Nb7 53. Bc8 Rb6 54. Ke2 b4 55. Nd4 Bb2 56. Nc6+ Ka6 57. Bxb7+ 1-0

[Event "4NCL/Div2c/WWKS1 vs. AMCAD"]
[Site "Sunningdale ENG"]
[Date "2010.05.03"]
[Round "11.1"]
[White "Thomas, Nicholas"]
[Black "Croad, Nicolas"]
[Result "0-1"]
[WhiteElo "2291"]
[BlackElo "2288"]
[PlyCount "92"]
[EventDate "2010.05.03"]
[SourceDate "2009.10.24"]

1. e4 c6 2. d4 d5 3. Nd2 dxe4 4. Nxe4 Nd7 5. Bf4 Ngf6 6. Nd2 g6 7. Nb3 Bg7 8.
Qd2 O-O 9. Nf3 Ne4 10. Qe3 Ndf6 11. Nfd2 Bf5 12. Nxe4 Bxe4 13. O-O-O Bf5 14.
Bg5 a5 15. Bxf6 Bxf6 16. h4 b5 17. Bd3 a4 18. Nd2 Bxd4 19. Qg3 Bxb2+ 20. Kxb2
a3+ 21. Kc1 Qd4 22. Ne4 Bxe4 23. Bxe4 Qxe4 24. h5 Qb4 25. Qb3 Qf4+ 26. Qe3
Qxe3+ 27. fxe3 Rfd8 28. Rd3 Rd6 29. Rh4 c5 30. Re4 Rxd3 31. cxd3 e6 32. hxg6
hxg6 33. Re5 Rc8 34. Kc2 Kf8 35. Kb3 b4 36. Re4 Ke7 37. Rc4 Rd8 38. d4 cxd4 39.
exd4 Rb8 40. Rxb4 Rxb4+ 41. Kxb4 Kd6 42. Kxa3 Kd5 43. Kb4 Kxd4 44. a4 e5 45. a5
e4 46. Kb3 Kc5 0-1

[Event "4NCL/Div2c/WWKS1 vs. AMCAD"]
[Site "Sunningdale ENG"]
[Date "2010.05.03"]
[Round "11.3"]
[White "Pitcher, John"]
[Black "Richardson, Keith B"]
[Result "1-0"]
[WhiteElo "2193"]
[BlackElo "2168"]
[PlyCount "75"]
[EventDate "2010.05.03"]
[SourceDate "2009.10.24"]

1. e4 g6 2. d4 Bg7 3. Nc3 d6 4. Be3 a6 5. Qd2 b5 6. a4 b4 7. Nce2 a5 8. Ng3 Bb7
9. Bd3 Nd7 10. Nf3 e6 11. O-O Ngf6 12. Bh6 O-O 13. Bxg7 Kxg7 14. Rfe1 c5 15. c3
bxc3 16. bxc3 Qc7 17. Bb5 Rfd8 18. Qf4 Ba6 19. Bxd7 Rxd7 20. e5 dxe5 21. dxe5
Ng8 22. Ne4 Bb7 23. Nf6 Rd3 24. Qc4 Rdd8 25. Ng5 h6 26. Nxg8 Kxg8 27. Nh3 Rd5
28. Qf4 Kg7 29. f3 Qe7 30. Rab1 Bc6 31. Rb6 Qc7 32. Rb2 Rad8 33. Nf2 Qe7 34.
Rb6 Qc7 35. Ng4 Rh8 36. Qf6+ Kg8 37. Reb1 Rd8 38. Rxc6 1-0

[Event "4NCL/Div2c/WWKS1 vs. AMCAD"]
[Site "Sunningdale ENG"]
[Date "2010.05.03"]
[Round "11.4"]
[White "Norman, Kenneth I"]
[Black "Shephard, Chris CW"]
[Result "1/2-1/2"]
[WhiteElo "2174"]
[BlackElo "2206"]
[PlyCount "35"]
[EventDate "2010.05.03"]
[SourceDate "2009.10.24"]

1. Nf3 g6 2. c4 Bg7 3. d4 c5 4. e4 cxd4 5. Nxd4 Nc6 6. Be3 d6 7. Nc3 Nf6 8. Be2
O-O 9. O-O Bd7 10. Qd2 Nxd4 11. Bxd4 Bc6 12. f3 Nd7 13. Be3 a5 14. Rfd1 a4 15.
Rac1 Qa5 16. Nd5 Bxd5 17. cxd5 Nc5 18. Qxa5 1/2-1/2

[Event "4NCL/Div2c/WWKS1 vs. AMCAD"]
[Site "Sunningdale ENG"]
[Date "2010.05.03"]
[Round "11.5"]
[White "Baruch, Andrew JD"]
[Black "Frostick, Clive A"]
[Result "1/2-1/2"]
[WhiteElo "2089"]
[BlackElo "2160"]
[PlyCount "23"]
[EventDate "2010.05.03"]
[SourceDate "2009.10.24"]

1. g3 e5 2. Nf3 Nc6 3. d3 d5 4. Bg2 Nf6 5. O-O Be7 6. Bg5 Be6 7. Nc3 O-O 8. e4
dxe4 9. dxe4 h6 10. Bxf6 Bxf6 11. Nd5 Nb8 12. Nd2 1/2-1/2

[Event "4NCL/Div2c/WWKS1 vs. AMCAD"]
[Site "Sunningdale ENG"]
[Date "2010.05.03"]
[Round "11.6"]
[White "Coates, Kenneth G"]
[Black "Clarke, Brandon GI"]
[Result "0-1"]
[WhiteElo "2220"]
[BlackElo "2058"]
[PlyCount "78"]
[EventDate "2010.05.03"]
[SourceDate "2009.10.24"]

1. d4 Nf6 2. Nf3 b6 3. Nc3 Bb7 4. Bg5 d5 5. Bxf6 exf6 6. e3 g6 7. Bd3 Bg7 8.
Qd2 O-O 9. g4 c5 10. O-O-O Nc6 11. h4 h6 12. Rhg1 c4 13. Be2 Ne7 14. g5 fxg5
15. hxg5 h5 16. Ne5 a6 17. f4 b5 18. Nb1 Nf5 19. Bf3 Qe7 20. Rde1 Rfd8 21. Qe2
Bxe5 22. fxe5 Kg7 23. Ref1 h4 24. Qf2 Ng3 25. Rxg3 hxg3 26. Qxg3 b4 27. c3 Rab8
28. Bg2 Bc8 29. e6 Qxe6 30. Qxb8 Qxe3+ 31. Nd2 bxc3 32. Qe5+ Qxe5 33. dxe5
cxd2+ 34. Kxd2 Be6 35. Rf3 d4 36. Ra3 Rh8 37. Rg3 a5 38. b3 c3+ 39. Kd3 Rc8 0-1

[Event "4NCL/Div2c/WWKS1 vs. AMCAD"]
[Site "Sunningdale ENG"]
[Date "2010.05.03"]
[Round "11.7"]
[White "Fishburne, Stewart K"]
[Black "Turner, Caius AW"]
[Result "1/2-1/2"]
[WhiteElo "2106"]
[BlackElo "2122"]
[PlyCount "106"]
[EventDate "2010.05.03"]
[SourceDate "2009.10.24"]

1. e4 d6 2. Nc3 g6 3. d4 Nf6 4. Nf3 Bg7 5. Be2 O-O 6. O-O Nc6 7. h3 e5 8. Be3
Bd7 9. Qd2 exd4 10. Nxd4 Re8 11. f3 d5 12. exd5 Ne7 13. Bg5 Qc8 14. Bc4 Bxh3
15. gxh3 Qxh3 16. Qh2 Qxh2+ 17. Kxh2 Nfxd5 18. Nxd5 Nxd5 19. c3 Nb6 20. Bb3 c5
21. Nb5 a6 22. Bxf7+ Kxf7 23. Nd6+ Kf8 24. Nxe8 Rxe8 25. Rfe1 Be5+ 26. f4 Bd6
27. Rxe8+ Kxe8 28. Re1+ Kd7 29. Re4 Nd5 30. Kg3 b5 31. Kf3 Nc7 32. Re1 Ne6 33.
Rh1 Nf8 34. Bh6 Ne6 35. Bg5 Nf8 36. Ke4 h5 37. f5 gxf5+ 38. Kxf5 Ne6 39. Bh6 c4
40. Rxh5 Nc5 41. Rh1 a5 42. Be3 Na4 43. Rb1 Kc6 44. Ke4 b4 45. Bd4 Bc5 46. Bg7
Be7 47. Rh1 Nc5+ 48. Kf5 Kb5 49. Rh2 b3 50. axb3 cxb3 51. Re2 Bd6 52. Rd2 Be7
53. Ke5 Bg5 1/2-1/2

[Event "4NCL/Div2c/WWKS1 vs. AMCAD"]
[Site "Sunningdale ENG"]
[Date "2010.05.03"]
[Round "11.8"]
[White "Holland, James P"]
[Black "Webster, Paul"]
[Result "1/2-1/2"]
[WhiteElo "1973"]
[BlackElo "2106"]
[PlyCount "36"]
[EventDate "2010.05.03"]
[SourceDate "2009.10.24"]

1. e4 d5 2. exd5 Qxd5 3. Nc3 Qa5 4. d4 Bf5 5. Nf3 Nf6 6. Ne5 c6 7. Bc4 e6 8. g4
Be4 9. f3 Bd5 10. Bd3 Nbd7 11. Nxd7 Nxd7 12. Bd2 Qc7 13. Nxd5 cxd5 14. Qe2 Bd6
15. h4 Bg3+ 16. Kf1 Bf4 17. Bb4 Bd6 18. Bd2 Bf4 1/2-1/2

[Event "4NCL/Div2c/PPA2 vs. KHE"]
[Site "Sunningdale ENG"]
[Date "2010.05.03"]
[Round "11.1"]
[White "Richter, Hans S"]
[Black "McMichael, Richard J"]
[Result "1/2-1/2"]
[WhiteElo "2187"]
[BlackElo "2286"]
[PlyCount "42"]
[EventDate "2010.05.03"]
[SourceDate "2009.10.24"]

1. d4 e6 2. c4 f5 3. g3 Nf6 4. Bg2 c6 5. Nf3 d5 6. O-O Bd6 7. b3 Qe7 8. a4 a5
9. Ba3 Bxa3 10. Nxa3 O-O 11. Nc2 Bd7 12. Nce1 Be8 13. Nd3 Bh5 14. Nfe5 Nbd7 15.
Qc2 g5 16. e3 Bg6 17. f4 g4 18. Nxd7 Nxd7 19. c5 h5 20. Rfb1 h4 21. b4 axb4
1/2-1/2

[Event "4NCL/Div2c/PPA2 vs. KHE"]
[Site "Sunningdale ENG"]
[Date "2010.05.03"]
[Round "11.2"]
[White "Kwiatkowski, Feliks J"]
[Black "Winfridsson, Ola"]
[Result "1-0"]
[WhiteElo "2242"]
[BlackElo "2133"]
[PlyCount "72"]
[EventDate "2010.05.03"]
[SourceDate "2009.10.24"]

1. e4 c6 2. d4 d5 3. Nc3 dxe4 4. Nxe4 Bf5 5. Ng3 Bg6 6. Bc4 e6 7. Nf3 Nd7 8.
O-O Ngf6 9. Re1 Be7 10. Nh4 Nd5 11. Nxg6 hxg6 12. Bb3 N7f6 13. Bg5 Nh5 14. Bd2
Nxg3 15. hxg3 Nf6 16. Bf4 Qb6 17. Qe2 O-O 18. Rad1 Rad8 19. Rd3 Nd5 20. Bc1 Bf6
21. c3 a5 22. g4 g5 23. Qe4 Rfe8 24. Rf3 c5 25. Ba4 Re7 26. Bc2 Red7 27. dxc5
Qxc5 28. Qh7+ Kf8 29. Qh5 g6 30. Qh6+ Ke7 31. Bxg5 Bxg5 32. Qxg5+ Kd6 33. Qe5+
Kc6 34. g5 Kb6 35. Ba4 Re7 36. Bb3 Rd6 {Black overstepped the time limit} 1-0

[Event "4NCL/Div2c/PPA2 vs. KHE"]
[Site "Sunningdale ENG"]
[Date "2010.05.03"]
[Round "11.3"]
[White "Doci, Stefan"]
[Black "Spivack, Simon SY"]
[Result "0-1"]
[WhiteElo "2071"]
[BlackElo "2176"]
[PlyCount "108"]
[EventDate "2010.05.03"]
[SourceDate "2009.10.24"]

1. Nf3 Nf6 2. c4 d6 3. g3 e5 4. d3 Nbd7 5. Bg2 g6 6. b3 Bg7 7. Bb2 O-O 8. O-O
Re8 9. Nbd2 c6 10. e4 Nc5 11. Qc2 a5 12. Rae1 Nfd7 13. d4 exd4 14. Bxd4 Bxd4
15. Nxd4 Ne5 16. Kh1 a4 17. b4 Ncd3 18. Rb1 c5 19. f4 cxd4 20. fxe5 Nxe5 21.
Nf3 Be6 22. c5 Ng4 23. Qd2 Bc4 24. Rfc1 Bd3 25. Rb2 a3 26. Rb3 Bxe4 27. Nxd4
dxc5 28. bxc5 Qd5 29. Nf3 h5 30. Qc3 Ne5 31. Nh4 Bxg2+ 32. Nxg2 Ng4 33. Qf3
Qxf3 34. Rxf3 Re2 35. Rcf1 Ne5 36. Re3 Rxe3 37. Nxe3 Nd3 38. Rf3 Nxc5 39. Nc2
Rd8 40. Rc3 Ne4 41. Rc7 Rd2 42. Nxa3 Rxa2 43. Nb5 Ng5 44. Rc3 Rb2 45. Nd6 Kf8
46. h4 Rb6 47. Nc8 Rb1+ 48. Kg2 Rb2+ 49. Kf1 Ne4 50. Rd3 b5 51. Rd8+ Kg7 52.
Rd3 Rc2 53. Ne7 b4 54. Nd5 b3 0-1